000 00725nam a2200253Ia 4500
003 OSt
005 20221006142302.0
006 a|||||r|||| 00| 0
007 ta
008 221006b |||||||| |||| 00| 0 eng d
020 _cP32.50
024 _a5,973
037 _cTextual
040 _aEASL
_cEASL
_beng
041 _2eng
_aeng
082 _aX5.420j56.N93, N6
100 _aCOLLINSON Simon
_9647297
245 0 _aSmall and successful in Japan
_b A study of 30 British firms in the world's most competitive market
260 _aAldershot
_bAvebury
_c1996
300 _a150p.
_ccm.
490 _v JEL
942 _hX5.420j56.N93, N6
_cTEXL
_2CC
999 _c1074059
_d1074059